Industrial problems of India,
Saved in:
| Main Author: | |
|---|---|
| Format: | Book |
| Language: | English |
| Published: |
Allahabad,
Kitabistan
[1944]
|
| Edition: | Rev. and enl. ed. |
| Subjects: | |
| Tags: |
Add Tag
No Tags, Be the first to tag this record!
|
| LEADER | 01283nam a2200277I 4500 | ||
|---|---|---|---|
| 001 | 005444045-9 | ||
| 005 | 20020606163548.3 | ||
| 008 | 850712s1944 ii 000 0 eng | ||
| 010 | |a 45008740 | ||
| 035 | 0 | |a ocm12261252 | |
| 040 | |a DLC |c CLU |d HLS | ||
| 043 | |a a-ii--- | ||
| 050 | 0 | |a HC435 |b .J26 1944 | |
| 082 | |a 330.954 | ||
| 100 | 1 | |a Jain, Prakash Chandra, |e ed. | |
| 245 | 1 | 0 | |a Industrial problems of India, |c edited by P.C. Jain ... |
| 250 | |a Rev. and enl. ed. | ||
| 260 | |a Allahabad, |b Kitabistan |c [1944] | ||
| 300 | |a 303 p. |c 22 cm. | ||
| 500 | |a "First published in 1942." | ||
| 505 | 0 | |a Introduction, by Gyan Chand.--Philosophy of industrialisation, by J.K. Mehta.--Mineral and power resources, by V.S. Dubey.--Mineral resources and development, by M.S. Krishnan.--Small scale and cottage industries, by V.K.R.V. Rao.--Fiscal and commercial policy, by B.P. Adarkar.--Foreign trade upto 1939, by B.V. Narayanswamy Naidu.--Foreign trade 1939 to 1943, by P.C. Jain.--Money and capital markets, by P.C. Jain.--Industrial disputes, by Bool Chand.--Industrial efficiency and labour welfare, by A.I. Qureshi.--Economic planning, by P.C. Jain. | |
| 650 | 0 | |a Industries |z India. | |
| 651 | 0 | |a India |x Commerce. | |
| 651 | 0 | |a India |x Industries. | |
| 988 | |a 20020608 | ||
| 906 | |0 DLC | ||


